00661nam a2200181Ia 4500001001000000003000500010008004100015010001100056040000900067082001600076100004000092245012900132260006200261300001100323650007100334700003300405710004100438Para_2883CHAP220125s1988 xx 000 0 und d a201416 cCHAP aPA 632.3 R6 aRodríguez M. , María de Lourdes aTaller de fitobacteriología, Xalapa, Ver., agosto de 1988 /c por Ma. de Lourdes Rodríguez M. y Ma. Cristina López F. aMéxico, D. F. :b Sociedad Mexicana de Fitopatología a120 p. aBacterias fitopatólogicas Plantas x Enfermedades por bacterias aLópez F., María Cristina aSociedad Mexicana de Fitopatología